| 000 | 00843cam a22002775a 4500 | ||
|---|---|---|---|
| 001 | 010052455 | ||
| 005 | 20180424122750.0 | ||
| 008 | 830523t1982 enk fr 001 0 eng d | ||
| 020 | _a0333328434 | ||
| 040 |
_aUk _cUk _beng _dEG-ScBUE |
||
| 043 | _ae-uk--- | ||
| 082 | 0 | 4 |
_a301.5/4/0941 _218 |
| 082 | 0 | 4 |
_a363.5560941 _222 _bMAL |
| 100 | 1 | _aMalpass, Peter. | |
| 245 | 1 | 0 |
_aHousing policy and practice / _cPeter Malpass and Alan Murie. |
| 260 |
_aLondon : _bMacmillan, _cc.1982. |
||
| 300 |
_axi, 201 p. ; _c23 cm. |
||
| 490 | 0 | _aPublic policy and politics | |
| 500 | _aIncludes index. | ||
| 650 | 7 |
_aHousing policy _zGreat Britain. _2BUEsh _935130 |
|
| 653 |
_bGGEN _bBUSBOL _cApril2018 |
||
| 690 | 7 |
_aSocial Welfare _2blcoll |
|
| 700 | 1 | _aMurie, Alan. | |
| 886 | 2 |
_2ukmarc _a900 _b10 _aMurie _hA. S. _xSee _aMurie, Alan _z700 |
|
| 942 | _2ddc | ||
| 999 |
_c26583 _d26555 |
||